000 00336nam a2200133Ia 4500
008 240624s9999 xx 000 0 und d
041 _aeng
082 _a920 SET
100 _aSETH LETINA
245 _aON BALANCE AN AUTOBIOGRAPHY
260 _c2003
_aNew Delhi
_bPenguin Viking
300 _axiv, : 474 : p. : cm. ; 22
365 _cRS
_b20
999 _c6879
_d6879